000 00554nam a2200157 a 4500
001 000038280
005 20201002031221.0
008 130408s1996 dr 000 0 spa d
040 _aDO-SdBNP
_bspa
_cBNPHU
100 1 _aSoto, Abigaíl
_964649
245 1 0 _aHistoria del movimiento detallista en República Dominicana /
_cAbigaíl Soto ; prólogo José Ureña.
260 _aSanto Domingo :
_bCollado,
_c1996.
300 _a224 p. ;
_c22 cm.
500 _aIncluye datos biográficos del autor en la contracubierta
700 1 _aUreña, José,
_epról.
_964650
999 _c37770
_d37770